书目信息 |
| 题名: |
我看扬州好
|
|
| 作者: | 秦玉林 , 吴献中 主编 ;扬州市诗词协会 编 | |
| 分册: | ||
| 出版信息: | 南京 江苏凤凰文艺出版社 2019.11 |
|
| 页数: | 196页 | |
| 开本: | 24cm | |
| 丛书名: | ||
| 单 册: | ||
| 中图分类: | I227.8 , I227 | |
| 科图分类: | ||
| 主题词: | 词(文学)--ci(wen xue)--作品集--中国--当代 | |
| 电子资源: | ||
| ISBN: | 978-7-5594-4049-5 | |
| 000 | 01017nam0 2200289 450 | |
| 001 | 2365617179 | |
| 005 | 20231127075310.40 | |
| 010 | @a978-7-5594-4049-5@dCNY59.80 | |
| 100 | @a20231023d2019 em y0chiy50 ea | |
| 101 | 0 | @achi |
| 102 | @aCN@b320000 | |
| 105 | @aa z 000gy | |
| 200 | 1 | @a我看扬州好@Awo kan yang zhou hao@e忆江南·新词集@f扬州市诗词协会编 |
| 210 | @a南京@c江苏凤凰文艺出版社@d2019.11 | |
| 215 | @a196页@c图@d24cm | |
| 300 | @a扬州市文艺创作引导资金项目作品 谨向中华人民共和国七十华诞献礼! | |
| 314 | @a书内题: 秦玉林、吴献中主编 | |
| 330 | @a本书内容包括: 城市之光、园林之秀、文化之魂、乡村之美、民生之福、百态之谐。 | |
| 517 | 1 | @a忆江南·新词集@Ayi jiang nan · xin ci ji |
| 606 | 0 | @a词(文学)@Aci(wen xue)@x作品集@y中国@z当代 |
| 690 | @aI227.8@v5 | |
| 690 | @aI227@v4 | |
| 701 | 0 | @a秦玉林@Aqin yu lin@4主编 |
| 701 | 0 | @a吴献中@Awu xian zhong@4主编 |
| 712 | 02 | @a扬州市诗词协会@Ayang zhou shi shi ci xie hui@4编 |
| 801 | 0 | @aCN@b人天书店@c20231023 |
| 905 | @aBZT@dI227@e358 | |
| 我看扬州好:忆江南·新词集/扬州市诗词协会编.-南京:江苏凤凰文艺出版社,2019.11 |
| 196页:图;24cm |
| 扬州市文艺创作引导资金项目作品 谨向中华人民共和国七十华诞献礼! |
| ISBN 978-7-5594-4049-5:CNY59.80 |
| 本书内容包括: 城市之光、园林之秀、文化之魂、乡村之美、民生之福、百态之谐。 |
| ● |
| 相关链接 |
|
|
|
正题名:我看扬州好
索取号:I227/358
 
预约/预借
| 序号 | 登录号 | 条形码 | 馆藏地/架位号 | 状态 | 备注 |
| 1 | 2001090272 | 2001090272 | 东辅楼二楼书库/ [索取号:I227/358] | 在馆 | |
| 2 | 2001090273 | 2001090273 | 东辅楼二楼书库/ [索取号:I227/358] | 在馆 | |
| 3 | 2001090274 | 2001090274 | 东辅楼二楼书库/ [索取号:I227/358] | 在馆 | |
| 4 | 2001090275 | 2001090275 | 东辅楼二楼书库/ [索取号:I227/358] | 在馆 | |
| 5 | 2001090276 | 2001090276 | 东辅楼二楼书库/ [索取号:I227/358] | 在馆 | |
| 6 | 2001090277 | 2001090277 | 东辅楼二楼书库/ [索取号:I227/358] | 在馆 | |
| 7 | 2001090278 | 2001090278 | 东辅楼二楼书库/ [索取号:I227/358] | 在馆 | |
| 8 | 2001090279 | 2001090279 | 东辅楼二楼书库/ [索取号:I227/358] | 在馆 | |
| 9 | 2001090280 | 2001090280 | 东辅楼二楼书库/ [索取号:I227/358] | 在馆 | |
| 10 | 2001090281 | 2001090281 | 东辅楼二楼书库/ [索取号:I227/358] | 在馆 | |
| 11 | 2001090282 | 2001090282 | 东辅楼二楼书库/ [索取号:I227/358] | 在馆 | |
| 12 | 2001090283 | 2001090283 | 东辅楼二楼书库/ [索取号:I227/358] | 在馆 | |
| 13 | 2001090284 | 2001090284 | 东辅楼二楼书库/ [索取号:I227/358] | 在馆 | |
| 14 | 2001090285 | 2001090285 | 东辅楼二楼书库/ [索取号:I227/358] | 在馆 | |
| 15 | 2001090286 | 2001090286 | 东辅楼二楼书库/ [索取号:I227/358] | 在馆 | |
| 16 | 2001098964 | 2001098964 | 东辅楼二楼书库/ [索取号:I227/358] | 在馆 | |
| 17 | 2001098965 | 2001098965 | 东辅楼二楼书库/ [索取号:I227/358] | 在馆 | |
| 18 | 2001098966 | 2001098966 | 东辅楼二楼书库/ [索取号:I227/358] | 在馆 | |
| 19 | 2001098967 | 2001098967 | 东辅楼二楼书库/ [索取号:I227/358] | 在馆 | |
| 20 | 2001098968 | 2001098968 | 东辅楼二楼书库/ [索取号:I227/358] | 在馆 | |
| 21 | 2001098969 | 2001098969 | 东辅楼二楼书库/ [索取号:I227/358] | 在馆 | |
| 22 | 2001098970 | 2001098970 | 东辅楼二楼书库/ [索取号:I227/358] | 在馆 | |
| 23 | 2001098971 | 2001098971 | 东辅楼二楼书库/ [索取号:I227/358] | 在馆 | |
| 24 | 2001098972 | 2001098972 | 东辅楼二楼书库/ [索取号:I227/358] | 在馆 | |
| 25 | 2001098973 | 2001098973 | 东辅楼二楼书库/ [索取号:I227/358] | 在馆 | |
| 26 | 2001098974 | 2001098974 | 东辅楼二楼书库/ [索取号:I227/358] | 在馆 | |
| 27 | 2001098975 | 2001098975 | 东辅楼二楼书库/ [索取号:I227/358] | 在馆 | |
| 28 | 2001098976 | 2001098976 | 东辅楼二楼书库/ [索取号:I227/358] | 在馆 | |
| 29 | 2001098977 | 2001098977 | 东辅楼二楼书库/ [索取号:I227/358] | 在馆 | |
| 30 | 2001098978 | 2001098978 | 东辅楼二楼书库/ [索取号:I227/358] | 在馆 |